000 01313nam a2200349 i 4500
001 bg
100 1 _aBILITEWSKI, Bernd
245 1 0 _aPodręcznik gospodarki odpadami :
_bteoria i praktyka /
_cBernd Bilitewski, Georg Härdtle, Klaus Marek ; tł. na jęz. pol. Bronisław Bartkiewicz, Ewa Lisicka, Wojciech Przywecki].
246 _iTyt. oryg.:
_aAbfallwirtschaft - Handbuch für Praxis und Lehre
250 _aWyd. 2.
260 _aWarszawa :
_bWydawnictwo "Seidel-Przywecki",
_c2006.
300 _aXVI, 716 s. :
_bil., mapa ;
_c25 cm.
500 _aTyt. oryg.: "Abfallwirtschaft - Handbuch für Praxis und Lehre" 2000.
504 _aBibliogr., zbiór przepisów. Indeks.
650 9 _aOdpady
_xgospodarka
655 _aPodręczniki akademickie
700 1 _aHÄRDTLE, Georg
700 1 _aMAREK, Klaus
700 1 _aBARTKIEWICZ, Bronisław.
_eTł.
700 1 _aLISICKA, Ewa.
_eTł.
700 1 _aPRZYWECKI, Wojciech
_d(1956- ).
_eTł.
020 _a8391944980
020 _a3540642766 (oryg.)
040 _cBPK
041 1 _apol
_hger
080 _a628.4(075.8)
920 _a83-919449-8-0
920 _a3-540-64276-6 (oryg.)
942 _cKS
008 s pl f |000 0 pol
999 _c53017
_d53017
856 _uhttp://koha.tu.koszalin.pl/cgi-bin/koha/opac-detail.pl?biblionumber=53017
_yKatalog online BPK